000 01084nam a22003257a 4500
003 CHAP
005 20220329135210.0
008 971013c19611851 r 00010 d
010 _a32487
011 _a33459
035 _a37574
040 _cCHAP
082 _a595.7
_bM38
100 0 0 _aMatheson, Robert.
_972994
245 _aEntomology for introductory introductory courses
250 _a2 ed.
260 _aIthaca :
_bComstock,
_c1961 (c.1851)
300 _a629 p.
_b: ilus
590 _aBATCH-UPD
_b10
_c20130110
_lUCH01
_h0105
590 _aBATCH-UPD
_b10
_c20130110
_lUCH01
_h2105
590 _aBATCH-UPD
_b10
_c20130410
_lUCH01
_h1417
590 _aBATCH-UPD
_b10
_c20130914
_lUCH01
_h1314
590 _aCONVERSION
_b10
_c20130109
_lUCH01
_h1318
650 1 4 _aEntomología.
_937113
901 _aBK
942 _cLIBRO
949 _a595.7 M38
_bBC
_cLIBRO
_d33724000347993
_eLIBRO
_fc.2
_h27025
_i37574
_si
_t83.00
949 _a595.7 M38
_bBC
_cLIBRO
_d33724000348009
_eLIBRO
_fc.3
_h27026
_i37574
_si
_t83.00
949 _a595.7 M38
_bBC
_cLIBRO
_d33724000348017
_eLIBRO
_h27024
_i37574
_si
_t83.00
999 _c32487
_d32487